Statistics for Countries With Artificial Islands

Click here to take the quiz!

General Stats

  • This quiz has been taken 361 times
  • The average score is 16 of 28

Answer Stats

HintAnswer% Correct
ManhattanUS America
99%
Burj al-ArabUnited Arab Emirates
94%
Île aux CygnesFrance
92%
Whale IslandUK Great Britain & Northern Ireland
86%
Bohai BayChina
85%
DijimaJapan
82%
Île Notre-DameCanada
80%
Spiral IslandMexico
78%
NigehörnGermany
75%
WillingdonIndia
74%
MOSE ProjectItaly
73%
FlevolandNetherlands
72%
PeberholmDenmark
71%
The PearlQatar
67%
AmwajBahrain
62%
JurongSingapore
60%
MarinaMalaysia
56%
Kamfers DamSouth Africa
48%
FormozaPoland
40%
VarnaBulgaria
36%
Barro ColoradoPanama
29%
UrosPeru/Bolivia
28%
DonauinselAustria
27%
HulhumaléMaldives
26%
Gospa od SkrpjelaMontenegro
19%
KhazarAzerbaijan
14%
SulufouSolomon Islands
8%
MinervaTonga
8%

Score Distribution

Percentile by Number Answered

Percent of People with Each Score

Your Score History

You have not taken this quiz